000 00391nam a2200133Ia 4500
005 20260328104323.0
008 260328s9999||||xx |||||||||||||| ||und||
100 _aGonzález, Luis Fernando
245 0 _aVicente Galicia :
_b Arquitectura como religión ,en tona menor. /
_cLuis Fernando González
260 _bEdiciones de la C.A.Sa
300 _a141 p.
650 _aCOLOMBIA
942 _cBK
999 _c11411
_d11411